000
00257nam a2200109Ia 4500
008
190216s9999||||xx |||||||||||||| ||und||
100
_a
Nambiar M C K
245
0
_a
Elements Of Book-Keeping And Accounts
260
_b
Null
_c
1982
300
_a
670p
942
_c
BK
999
_c
3903
_d
3903